Library partnerships (Record no. 228121)
[ view plain ]
| 000 -LEADER | |
|---|---|
| fixed length control field | 01650nam a2200373 a 4500 |
| 082 04 - DEWEY DECIMAL CLASSIFICATION NUMBER | |
| Classification number | 021.2/4 |
| 100 1# - MAIN ENTRY--AUTHOR NAME | |
| Personal name | Squires, Tasha, |
| 245 10 - TITLE STATEMENT | |
| Title | Library partnerships |
| 260 ## - PUBLICATION, DISTRIBUTION, ETC. (IMPRINT) | |
| Place of publication | Medford, N.J. : |
| Name of publisher | Information Today, |
| Year of publication | c2009. |
| 300 ## - PHYSICAL DESCRIPTION | |
| Number of Pages | xix, 203 p. |
| 505 0# - FORMATTED CONTENTS NOTE | |
| Formatted contents note | Relationships take work -- Partnership basics -- Changing seasons -- After-school blues -- From basic to bravo! -- Using technology to partner -- Resource sharing -- Visits -- Garnering support -- Keeping it going. |
| 650 #0 - SUBJECT ADDED ENTRY--TOPICAL TERM | |
| Topical Term | Libraries and schools |
| Topical Term | Libraries and students |
| Topical Term | Library cooperation |
| Topical Term | Public libraries |
| Topical Term | School libraries |
| 856 40 - ELECTRONIC LOCATION AND ACCESS | |
| Uniform Resource Identifier | http://site.ebrary.com/lib/rucke/Doc?id=10492823 |
No items available.
